| 000 | 00623nam a2200241 a 4500 | ||
|---|---|---|---|
| 001 | nice12345678 | ||
| 003 | IN_TiNIC | ||
| 005 | 20260116011546.0 | ||
| 008 | 050524s1927 oxfa grp 000 0 eng | ||
| 020 |
_a _c100 |
||
| 082 | 0 | 0 |
_a296.311 _bMAR |
| 100 | _aMarmorstein, A Rabbi | ||
| 245 | _aOld Rabbinic Doctrine of God. 1.The Names and Attributes of God. | ||
| 260 |
_aOxford _bOxford University Press _c1927 |
||
| 300 | _a217p | ||
| 500 | _aincludes index and biblioraphy | ||
| 505 | 2 | _aIndex | |
| 650 | _aGod-Judaism | ||
| 700 | 1 | _aMarmorstein, A Rabbi | |
| 902 | _bSRS | ||
| 942 | _cBK | ||
| 999 |
_c2609 _d2609 |
||